Správa o vzdelávacej politike národná správa o napĺňaní cieľov pracovného programu Európskej komisie Vzdelávanie a odborná príprava 2010

Bibliographic Details
Main Authors: Hromada, Ivan (Author), Sloboda, Boris (Author), Vantuch, Juraj (Author)
Format: Book
Language:Slovak
PhysicalDescription:31 s. 21 cm
Published: Bratislava Ministerstvo školstva SR 2005
ISBN:8096940708 (brož.)
Edition:1. vyd.
Subjects:

MARC

LEADER 00000nam a2200000 a 4500
001 vtls008423636
003 SK-MaSNL
005 20260301075802.0
008 160208s2005 xo g f000 0 slo
015 |a SNBA2006/02-00838 
020 |a 8096940708 (brož.) 
035 |a D7A8BE09-720C-4239-A01E-0F72FE9895EF 
035 |a urn:nbn:sk:snk-amk6y0 
035 |a urn:nbn:sk:snk-am008jdz 
040 |a SNK  |b slo  |c SNK  |e AACR2 
041 0 |a slo 
044 |a xo  |c SK 
072 7 |a 37 .014  |x Vzdelávacia a výchovná politika  |2 konspekt 
080 |a (437.6)  |2 MDT-MRF 
080 |a 371.214  |2 MDT-MRF 
080 |a (4)  |2 MDT-MRF 
080 |a (047)  |2 MDT-MRF 
080 |a 37.014.5  |2 MDT-MRF 
100 1 |a Hromada, Ivan  |4 aut  |9 310120 
245 1 0 |a Správa o vzdelávacej politike  |b národná správa o napĺňaní cieľov pracovného programu Európskej komisie Vzdelávanie a odborná príprava 2010  |c [autori: Ivan hromada, Boris Slovoda, Juraj Vantuch] 
250 |a 1. vyd. 
260 |a Bratislava  |b Ministerstvo školstva SR  |c 2005 
300 |a 31 s.  |c 21 cm 
504 |a Bibliogr. odkazy 
506 |a 1000 výtl. Nepredajné 
650 0 7 |a vzdelávacia politika  |z Slovensko  |2 SNKPH  |9 310121 
650 0 7 |a vzdelávacie programy  |z krajiny Európskej únie  |2 SNKPH  |9 310122 
655 7 |a správy  |2 SNKPH  |9 70563 
700 1 |a Sloboda, Boris  |4 aut  |9 310123 
700 1 |a Vantuch, Juraj  |4 aut  |9 7325 
919 |a 80-969407-0-8 
958 |a OND 
968 |d 37 
999 |c 651276  |d 653206 
952 |a SNK  |b SNK  |y PREZ  |7 0  |p 17A0494237  |o snkSC 122240  |i snk2006/715  |8 0  |0 0  |1 0  |4 0  |d 2006-01-12  |f 1  |l 0  |r 2025-06-03 00:00:00  |w 2026-02-23 
952 |a SNK  |b SNK  |y VYP  |7 0  |p 17A0494238  |o snkSC 122240 D1  |i snk2006/716  |8 0  |0 0  |1 0  |4 0  |d 2006-01-12  |l 0  |r 2026-02-23 18:22:47  |w 2026-02-23